01155 2200349 4500001002100000005001500021035002000036007000300056008004100059020002200100040002200122082001400144084001600158090002000174090002100194100002800215245014200243250003200385300005800417650002100475650002200496700002900518850001200547041000800559504003300567264008900600336002100689337003000710338002300740990002100763990002100784INLIS00000000084789920190528085751 a0010-0519001234ta190528s2019 yoia g 0 ind d a978-979-8786-83-9 aYOPDYOGbinderda04223a304.2 a304.2 LUT k aDEP 304.2 LUT k aCB-D.11 2019-4940 aLutfi Muta'aliepenulis10aKota berkelanjutan :bkasus kota hijau, ruang terbuka hijau dan adipura di Indonesia /cpenulis, Lutfi Muta'ali; editor, Vita Alusia Eris aCetakan pertama, Maret 2019 axiv, 217 halaman :bilustrasi, gambar, tabel ;c21 cm 4aLingkungan hidup 4aKota, Pembangunan0 aVita Alusia Eriseeditor aYOPDYOG0 aind aBibliografi: halaman 213-21731aYogyakarta :bBadan Penerbit Fakultas Geografi (BPFG) Universitas Gadjah Mada,c2019 2rdacontentateks 2rdamediaatanpa perantara 2rdacarrieravolume aCB-D.11/2019-494 aCB-D.11/2019-494